• 首页
  • 本馆介绍
  • 公告通知
  • 最新文献
  • 馆藏检索
  • 电子资源
  • 读者导购
  • 参考咨询
  • 我的图书馆
  • 登录
  • 详细信息显示
  • 放入我的书架
  • 预约/预借图书
  • 作者相关作品
  • 分类相关作品
  • 丛书相关作品
  • 出版社相关作品

书目信息

  • 表格格式
  • 工作单格式
  • 卡片格式
题名:
骏枣生理生态学研究
    
 
作者: 李建贵 著
分册:  
出版信息: 北京   科学出版社  2015.03
页数: 208页
开本: 24cm
丛书名:
单 册:
中图分类: S665.1
科图分类:
主题词: 干旱区--枣--植物生理学--生理生态学--研究--新疆
电子资源:
ISBN: 978-7-03-043129-5
000 00827nam0 2200229 450
001 4577
005 20181012133128.16
010    @a978-7-03-043129-5@dCNY88.00
100    @a20150601d2015 em y0chiy50 ea
101 0  @achi
102    @aCN@b110000
105    @aaf z 000yy
200 1  @a骏枣生理生态学研究@9jun zao sheng li sheng tai xue yan jiu@f李建贵等著
210    @a北京@c科学出版社@d2015.03
215    @a208页@c图@d24cm
300    @a中国资源生物研究系列
330    @a本书系统总结了干旱区特殊气候条件下骏枣花果生长特性、光合特性、水分特性、养分特性等生理生态特性,深入研究了人工栽培措施对骏枣生理特性的影响及骏枣果品品质调控技术。
606 0  @a干旱区@x枣@x植物生理学@x生理生态学@x研究@y新疆
690    @aS665.1@v5
701  0 @a李建贵@9li jian gui@4著
801  0 @aCN@b91MARC@c20150601
905    @aMuseLib@dS665.1@e471
    
    骏枣生理生态学研究/李建贵等著.-北京:科学出版社,2015.03
    208页:图;24cm
    中国资源生物研究系列
    
    ISBN 978-7-03-043129-5:CNY88.00
    本书系统总结了干旱区特殊气候条件下骏枣花果生长特性、光合特性、水分特性、养分特性等生理生态特性,深入研究了人工栽培措施对骏枣生理特性的影响及骏枣果品品质调控技术。
●
相关链接 在E读中查询图书 在五车中查询图书 在当当中查询图书 在豆瓣中查询图书


正题名:骏枣生理生态学研究     索取号:S665.1/471         预约/预借

序号 登录号 条形码 馆藏地/架位号 状态 备注
1 1125796   211257968   第二样本阅览室/ [索取号:S665.1/471] 在馆    
2 1125797   211257977   第三借阅区/ [索取号:S665.1/471] 在馆    
3 1125798   211257986   第三借阅区/ [索取号:S665.1/471] 在馆    
4 1125799   211257995   第三借阅区/ [索取号:S665.1/471] 在馆    
5 1125800   211258002   密集书库-生命科学系/ [索取号:S665.1/471] 在馆    
唐山师范学院图书馆 欢迎您!
大连网信软件有限公司© 版权所有